Peptická vredová choroba

Bibliographic Details
Main Authors: Vavrečka, A. (Author), Hyrdel, Rudolf, 1951- (Author), Čársky, Stanislav, 1942-1999 (Author)
Format: Article
Language:Slovak

MARC

LEADER 00000nab a2200000ua 4500
001 vtls010802482
003 SK-MaSNL
005 20260303102924.0
008 230121s1996 xo |||||||||||||||||slo|
035 |a (urnnbn)urn:nbn:sk:snk:ar-a033to 
035 |a (uuid)f29d5187-6071-4304-9a98-fc608c37613d 
035 |a urn:nbn:sk:snk-ab4px0 
040 |a SNKBUCL  |b slo  |c SNKBUCL  |e AACR2 
041 0 |a slo 
044 |a xo  |c SK 
100 1 |a Vavrečka, A.  |4 aut  |9 1116323 
245 1 0 |a Peptická vredová choroba  |c A. Vavrečka, R. Hyrdel, S. Čársky 
700 1 |a Hyrdel, Rudolf,  |d 1951-  |4 aut  |9 196160 
700 1 |a Čársky, Stanislav,  |d 1942-1999  |4 aut  |9 17346 
773 0 |t Medicínsky monitor  |g Č. 1 (1996), s. [1]-7 
954 |a odborná, vedecká literatúra pôvodná (slovenská)  |2 lita 
958 |a OND 
958 |a EUIPO 
958 |a article3 
999 |c 1846009  |d 1847939